000 01115nam a2200301 i 4500
003 EG-GICUC
005 20260310223642.0
008 260310s1974 ua ||||fr|||| 000 0 ara d
040 _a EG-GICUC
_bdan
_c EG-GICUC
_d EG-GICUC
_erda
041 0 _aara
082 0 4 _221
_a341.73
_bم ك . ن
092 0 4 _221
099 _aLaw1 11 1974 341.73 م ك . ن
110 2 _aمكتب الأعلام ،
_eمؤلف.
245 1 0 _aنزع السلاح تقدم نحو السلام /
_cصادر عن مكتب الأعلام .
264 1 _aنيويورك :
_bالأمم المتحدة ،
_c١٩٧٤ .
300 _a67 ؛ صفحة
_c24 سم
336 _2rda content
_atext
337 _2rda media
_aComputer
338 _2rda carrier
_aOnline Resource
504 _aيشتمل على ارجاعات ببليوجرافية .
546 _aالنص باللغة العربية مترجم من الانجليزية
650 1 4 _aالمعاهدات / التفاقات الدولية
_2qrmak
651 1 _2qrmak
856 4 0 _uhttps://fll.law.cu.edu.eg/fulltext/bks/B11-04404.pdf
905 _a76
942 _2ddc
_cBK
_e21
_n0
999 _c65994
_d65994